000
00266nam a2200109Ia 4500
008
220216s9999 xx 000 0 und d
100
_a
Berry J P
245
0
_a
Helical spring stress relaxometer
260
_b
IRI Transactions
_c
1956
300
_a
224-230
942
_c
JS
999
_c
60268
_d
60268